00706nam a2200181 a 450000100100000000500170001000800410002702000180006804000250008608200140011124500870012526001040021230000210031650000490033704900090038695201120039599900170050700003011820200930060046.0110429s2008 dr 000 0 spa d a9789264044111 aDO-SdBNPbspacBNPHU axxxbI43r00aInforme sobre las políticas nacionales de educación :bRepública Dominicana. a[Santo Domingo] :bOrganización para la Cooperación y el Desarrollo Económicos (OCDE),c2008. a292 p. ;c25 cm. aIncluye notas y referencias bibliográficas aBNPD 0010718PDaPDbPDcCTd2011-04-29iLF1l0oxxx I43rp30118-10r2020-06-25w2020-06-25yLFPDZNo se presta c29610d29610